Holiday Quiz

Random Holiday or Puzzle Quiz

Trivia Tree Quiz Stats

Quiz Updated Apr 22, 2015

Also try: Trivia Field
Challenge
Share
Tweet
Score 0/48 Timer 08:00
0 Plays Today
% Correct
What is the most
populous city in
the world?
100%
City with tallest
building in the
world?
78.4%
Number of boxes in
standard Sudoku
puzzle?
78.4%
Original 'Free Bird'
band?
72.2%
Board game with
piece called
'Adam's Apple'?
72.2%
Flavor of black
Jelly Belly jelly
bean?
71.6%
City where JFK
was assassinated
in 1963?
71.6%
Country formerly
'Siam'?
66.9%
End of WWI:
Treaty of _______?
66.9%
Element with
symbol W?
65.4%
Actor who
portrayed
Ben Hur?
65.4%
Jonagold is a type
of what fruit?
65.2%
Sport that uses
the term 'wicket'?
65.2%
'Achy Breaky
Heart' singer?
62.2%
China's special
admin. region that
isn't Hong Kong?
62.2%
Holiday invented
by Seinfeld's
Frank Costanza?
62.1%
Most popular
internet browser
from '95-'98?
62.1%
The 'HT' in both
HTTP and HTML?
60.1%
Author of
'War and Peace'?
60.1%
Name of most
intense Atlantic
hurricane ever
recorded?
58.9%
Official language
of Angola?
58.9%
Triangle with
exactly two
equal-length sides?
56.4%
Baseball pitcher
who is career
leader in
strikeouts?
56.4%
O
52.1%
% Correct
Banquo was in
which Shakespeare
play?
51.8%
Quebec City
NHL team
from '79-'95?
51.8%
Year Mayflower
arrived in U.S.?
50.8%
Alan Alda's
character in
M*A*S*H?
50.8%
T
50.8%
Painter of
'The Persistence
of Memory'?
48.7%
African mammal:
Thomson's ______?
48.7%
A
45%
Y
42.9%
U.S. President
right before
Abraham Lincoln?
42%
1 gram of _____ =
9 calories?
42%
D 
40%
E
37.6%
T
37%
A
36.7%
H
36.5%
A
36.5%
R
34.8%
P
33.6%
P
32.2%
H 
32%
U! 
31.2%
Y 
26%
HAPPY EARTH DAY TO U!
20.6%

You're not logged in!

Compare scores with friends on all Sporcle quizzes.
Sign Up with Email
OR
Log In

You Might Also Like...

Show Comments

Extras

Top Quizzes Today


Score Distribution

Your Account Isn't Verified!

In order to create a playlist on Sporcle, you need to verify the email address you used during registration. Go to your Sporcle Settings to finish the process.